[Event "Vienna Husek op-A"]
[Site "Vienna"]
[Date "2012.08.19"]
[Round "7"]
[White "Meskhi, Maka"]
[Black "Brunier, Jules"]
[Result "0-1"]
[WhiteElo "1876"]
[BlackElo "2053"]
[PlyCount "86"]
[EventDate "2012.08.13"]
[EventType "swiss"]
[EventRounds "7"]
[EventCountry "AUT"]
[SourceTitle "EXT 2014"]
[Source "ChessBase"]
[SourceDate "2013.11.20"]
[SourceVersion "1"]
[SourceVersionDate "2013.11.20"]
[SourceQuality "1"]

1. d4 d5 2. c4 c6 3. Nc3 Nf6 4. Nf3 dxc4 5. e3 Bf5 6. Bxc4 e6 7. 0-0 Bd6 8. Re1 Ne4 9. Nxe4 Bxe4 10. Bd3 Bxd3 11. Qxd3 0-0 12. e4 Na6 13. Bg5 Qd7 14. Rad1 Bb4 15. Rf1 f6 16. Be3 Rfd8 17. Qb3 Be7 18. a3 Nc7 19. Rd2 Nb5 20. Rfd1 Nd6 21. Qd3 f5 22. exf5 Nxf5 23. Bg5 Bxg5 24. Nxg5 Qe7 25. Nf3 Rd6 26. Qe4 Rad8 27. g4 Nh4 28. h3 Nxf3+ 29. Qxf3 Qd7 30. Qc3 Rd5 31. b4 e5 32. Qc4 Kh8 33. Qe2 Rxd4 34. Rxd4 exd4 35. Rd3 b6 36. Qc2 Qd5 37. Qa4 c5 38. bxc5 bxc5 39. Qxa7 c4 40. Rd1 d3 41. Qc7 Qd4 42. Qe7 d2 43. Rf1 c3 0-1